Score 0/24 Timer 03:00
1 Play Today
Clue 4-Letter Word % Correct
12 inchesFOOT
97%
• Recipient of a princess's kiss ••FROG•
96.7%
• Dog's warning ••BARK•
95.6%
Internet journalBLOG
95.2%
Beat with a whipFLOG
92.8%
Stomping shoeBOOT
90.9%
• Military outpost ••FORT•
90.7%
At no costFREE
90.6%
• Cultivated land ••FARM•
89.2%
Cause damage toHARM
87.6%
Mold into shapeFORM
87.6%
Monetary punishmentFINE
87.2%
Clue 4-Letter Word % Correct
Printing mistakeBLOT
87.2%
• Part of a poem ••LINE•
86.2%
Attention seeking exclamationHARK
85.8%
Cash collectorBANK
83.8%
Highway divisionLANE
80.8%
Guitar ridgeFRET
79.2%
Come acrossFIND
78.1%
Thorn in one's sideBANE
75.3%
They're found in a yard?FEET
65.8%
Livestock lunchFEED
65.4%
Manage without helpFEND
63.6%
• Word that can precede the highlighted words ••TREE•
59%

Today's Daily Dose

You're not logged in!

Compare scores with friends on all Sporcle quizzes.
OR
Log In

Sporcle TV

Today on Sporcle TV


Watch our educational content, quiz creation guides, and fun videos on Sporcle TV.

Show Comments

Extras

Top Quizzes Today


Score Distribution

Your Account Isn't Verified!

In order to create a playlist on Sporcle, you need to verify the email address you used during registration. Go to your Sporcle Settings to finish the process.

Report this User

Report this user for behavior that violates our Community Guidelines.

Details: